000 00317nam a2200145Ia 4500
100 _aMurray/W.H/ Pappas/C.H
250 _a2
942 _cBK
654 _aComputer
245 _aVisuals C++ Handbook
260 _bTata Mc Graw hill
_aNew Delhi
_c1997
082 _a5.132
_bMUR
300 _a1096
546 _aENGLISH
999 _c20470
_d20470